| 000 | 00631nam a22002057a 4500 | ||
|---|---|---|---|
| 999 |
_c4761 _d4761 |
||
| 003 | AR-CdUCM | ||
| 008 | 190311b ||||| |||| 00| 0 spa d | ||
| 040 |
_aMUNICIPALIDAD PROVINCIAL DEL CUSCO _cBIBLIOTECA MUNICIPAL DEL CUSCO |
||
| 082 |
_a869.634 / _bP73 |
||
| 245 | _aPoetas romanticos / | ||
| 260 |
_aQuito : _bAriel, |
||
| 300 |
_a205 páginas ; _c17.5 cm. |
||
| 440 |
_aClásicos ariel _n9 _914732 |
||
| 500 | _aDonación familia Nieto. | ||
| 650 |
_aPoesia ecuatoriana _914733 |
||
| 650 |
_aGeneración poetica _914734 |
||
| 700 |
_aRodriguez Castelo, Hernan (introducción) _914735 |
||
| 942 |
_2ddc _cLIBROS |
||
| 945 | _aafb | ||